00954nam a2200193 a 450000100100000000500170001000800410002704000250006810000280009324500780012126001460019930000270034570000290037204900090040195201050041095201140051595201140062999900170074300002840520200930054928.0110408s1971 dr a 000 0 spa d aDO-SdBNPbspacBNPHU1 aWinter, Lloyd C.95536010aCarreras de velocidad. /cLloyd C. Winter; adaptación Rafael Berenguer. a[Santo Domingo], :bSecretaría de Estado de Educación, Bellas Artes y Cultos,bDirección General de Educación Físca Escolar,c1971. a58 p. :bil. ;c19 cm.1 aBerenguer, Rafael955361 aBNPD 0010718PDaPDbPDcCTd2011-04-08iLF1l0o p28405-10r2020-06-25w2020-06-25yLFPDZNo se presta 0010718PDaPDbPDcCTd2011-06-08iLF1l0oExtraviadop28405-20r2020-06-25w2020-06-25yLFPDZNo se presta 0010718PDaPDbPDcCTd2011-06-08iLF1l0oExtraviadop28405-30r2020-06-25w2020-06-25yLFPDZNo se presta c27897d27897